|
|
|
|
| LEADER |
01322nam a22003377a 4500 |
| 001 |
36006 |
| 003 |
BD-DhAAL |
| 005 |
20211129154703.0 |
| 008 |
190922t2007 ctua b 001 0 eng d |
| 999 |
|
|
|c 41342
|d 41342
|
| 020 |
|
|
|a 0073516163
|
| 020 |
|
|
|a 9780073516165
|
| 040 |
|
|
|a BD-DhAAL
|
| 082 |
|
|
|a 658.05
|2 22
|
| 245 |
|
|
|a Child growth and development 07/08 /
|c edited by Ellen N. Junn, Chris J. Boyatzis.
|
| 246 |
|
|
|a Annual editions :
|b child growth and development 07/08
|
| 246 |
|
|
|a Child growth and development 2007/2008
|
| 250 |
|
|
|a Fourteenth edition
|
| 260 |
|
|
|a Guilford, Conn. :
|b McGraw-Hill Contemporary Learning Series,
|c c2007.
|
| 300 |
|
|
|a vi, 207 pages :
|b illustrations ;
|c 28 cm.
|
| 504 |
|
|
|a Includes bibliographical references.
|
| 526 |
|
|
|a BIED
|
| 541 |
|
|
|a Complimentary copy from BIED
|e 36006
|
| 650 |
|
|
|a Child psychology.
|9 35011
|
| 650 |
|
|
|a Child development.
|9 35012
|
| 650 |
|
|
|a Children
|x Growth.
|9 35013
|
| 700 |
|
|
|a Junn, Ellen Nan.
|9 35014
|
| 700 |
|
|
|a Boyatzis, Chris J.
|9 35015
|
| 852 |
|
|
|a Ayesha Abed Library
|c BIED Collection
|
| 942 |
|
|
|2 ddc
|c BK
|
| 952 |
|
|
|0 0
|1 0
|2 ddc
|4 0
|6 658_050000000000000_CHI
|7 0
|9 66445
|a BRACUL
|b BRACUL
|c GEN
|d 2019-09-22
|e Complimentary copy from BIED
|l 0
|o 658.05 CHI
|p 3010036006
|r 2019-09-22
|t 1
|w 2019-09-22
|y BK
|x Transferred from BIED to General Stacks
|